[Event "Druzynowe Mistrzostwa Polski Juniorow - II liga"]
[Site "Sypniewo k. Jastowia"]
[Date "2024-06-17"]
[Round "8.10"]
[White "Sakharchuk, Aliaksandr"]
[Black "Seemann, Adam"]
[Result "1/2-1/2"]
[WhiteTitle "I"]
[BlackTitle "II"]
[WhiteElo "1711"]
[BlackElo "1596"]

1. e4 c6 2. c4 d5 3. exd5 cxd5 4. cxd5 Nf6 5. Nc3 Nxd5 6. Nf3 Nc6 7. Bc4 Nb6 8.
Bb3 Bf5 9. d4 e6 10. O-O Be7 11. Be3 O-O 12. Re1 Na5 13. Rc1 Nbc4 14. Bxc4 Nxc4
15. Qb3 Nb6 16. a4 Bf6 17. a5 Nd5 18. Nxd5 Qxd5 19. Qxd5 exd5 20. Rc7 b6 21. axb6
axb6 22. Rc6 Rab8 23. Bf4 Rb7 24. Be5 Bd7 25. Rcc1 Bxe5 26. Rxe5 Be6 27. Ng5 Ra8
28. h3 h6 29. Nxe6 fxe6 30. Rxe6 Ra4 31. Rd1 Rb4 32. Rd2 Ra7 33. Rd6 Ra2 34. Rxd5
Rbxb2 35. Rxb2 1/2-1/2

[Event "Druzynowe Mistrzostwa Polski Juniorow - II liga"]
[Site "Sypniewo k. Jastowia"]
[Date "2024-06-17"]
[Round "8.11"]
[White "Seemann, Pola"]
[Black "Popczynska, Maja"]
[Result "1-0"]
[WhiteTitle "k"]
[BlackTitle "I+"]
[WhiteElo "1935"]
[BlackElo "1812"]

1. e4 c5 2. Nf3 d6 3. d4 cxd4 4. Nxd4 Nf6 5. Nc3 Nc6 6. Bc4 e5 7. Nf5 Bxf5 8. exf5
a6 9. Be3 Rc8 10. Bb3 Na5 11. g4 Nxb3 12. axb3 d5 13. Qe2 d4 14. O-O-O Be7 15.
f4 Rxc3 16. bxc3 Qa5 17. Bxd4 exd4 18. cxd4 Qa1+ 19. Kd2 Qxd4+ 20. Kc1 Qa1+ 21.
Kd2 Qa5+ 22. Kc1 Kf8 23. Qe5 Qxe5 24. fxe5 Nxg4 25. Rde1 Bg5+ 26. Kb1 Ne3 27.
h4 Bh6 28. f6 gxf6 29. exf6 Nd5 30. Rhf1 Rg8 31. Rf5 Ne3 32. Rc5 Ke8 33. Rc8+
Kd7 34. Rxg8 Nd5 35. Rb8 Kc6 36. Re7 Nxf6 37. Rxf7 Nd7 38. Rc8+ Kd6 39. Rd8 1-0

[Event "Druzynowe Mistrzostwa Polski Juniorow - II liga"]
[Site "Sypniewo k. Jastowia"]
[Date "2024-06-17"]
[Round "8.12"]
[White "Popczynska, Michalina"]
[Black "Pierchala, Anna"]
[Result "1-0"]
[WhiteTitle "I"]
[BlackTitle "III"]
[WhiteElo "1857"]
[BlackElo "1574"]

1. e4 e5 2. Nf3 Nc6 3. Bc4 Nf6 4. d3 h6 5. c3 d6 6. h3 g5 7. Nbd2 Bg7 8. Nf1 Bd7
9. Qb3 Na5 10. Bxf7+ Kf8 11. Qa3 c5 12. Bd5 Qc7 13. Ne3 Rb8 14. Bd2 b5 15. b4
cxb4 16. cxb4 Nc6 17. Rc1 Nh5 18. Nf5 Nf4 19. Bxf4 gxf4 20. N3h4 Rh7 21. Ng6+
Ke8 22. Bg8 Bf6 23. Bxh7 Bxf5 24. exf5 Qb6 25. Qb3 Bg5 26. Qe6+ Ne7 27. Nxe7 Bxe7
28. f6 Rb7 29. Bg6+ Kd8 30. Rc8# 1-0

[Event "Druzynowe Mistrzostwa Polski Juniorow - II liga"]
[Site "Sypniewo k. Jastowia"]
[Date "2024-06-17"]
[Round "8.13"]
[White "Nowicki, Bartosz"]
[Black "Rekuc, Patryk"]
[Result "0-1"]
[WhiteTitle "II+"]
[BlackTitle "I+"]
[WhiteElo "1854"]
[BlackElo "2076"]

1. c4 Nf6 2. Nc3 c5 3. g3 g6 4. Bg2 Bg7 5. e4 Nc6 6. Nge2 d6 7. O-O O-O 8. d3 Ne8
9. Be3 Nd4 10. h3 a6 11. f4 Rb8 12. a4 b6 13. Bxd4 cxd4 14. Nb1 b5 15. cxb5 axb5
16. a5 Nc7 17. b4 Na6 18. Qd2 f5 19. Kh2 e5 20. Na3 Qe7 21. Rab1 Be6 22. Rfc1
fxe4 23. Bxe4 Nc7 24. Rc6 Nd5 25. Bxd5 Bxd5 26. Rb6 Rxb6 27. axb6 g5 28. Rf1 exf4
29. gxf4 gxf4 30. Ng1 f3 31. Rf2 Qe3 32. Nb1 Be5+ 33. Kh1 Bg3 0-1

[Event "Druzynowe Mistrzostwa Polski Juniorow - II liga"]
[Site "Sypniewo k. Jastowia"]
[Date "2024-06-17"]
[Round "8.14"]
[White "Krol, Jan"]
[Black "Nawrocki, Michal"]
[Result "1-0"]
[WhiteTitle "I+"]
[BlackTitle "I"]
[WhiteElo "2002"]
[BlackElo "1771"]

1. e4 e5 2. Nf3 Nc6 3. Bc4 Bc5 4. c3 Nf6 5. d3 a6 6. Bb3 d6 7. Nbd2 Ba7 8. Nf1
O-O 9. Ng3 h6 10. O-O d5 11. Qe2 Re8 12. h3 dxe4 13. dxe4 Qe7 14. Nh4 Be6 15.
Nhf5 Qf8 16. Qf3 Bxf5 17. Nxf5 Nh7 18. Qh5 Re6 19. Bxe6 fxe6 20. Nh4 Nf6 21. Qe2
g5 22. Nf3 Qg7 23. Nh2 h5 24. Be3 Kh8 25. Bxa7 Nxa7 26. Rad1 1-0

[Event "Druzynowe Mistrzostwa Polski Juniorow - II liga"]
[Site "Sypniewo k. Jastowia"]
[Date "2024-06-17"]
[Round "8.15"]
[White "Nowicki, Franciszek"]
[Black "Chomicki, Kornel"]
[Result "1/2-1/2"]
[WhiteTitle "II"]
[BlackTitle "II+"]
[WhiteElo "1758"]
[BlackElo "1613"]

1. Nf3 d5 2. b3 Nf6 3. Bb2 e6 4. d4 Bd6 5. e3 O-O 6. Bd3 b6 7. Nbd2 Ba6 8. Bxa6
Nxa6 9. O-O Qe7 10. Qe2 Nb8 11. c4 Nbd7 12. Rac1 Ba3 13. Bxa3 Qxa3 14. Rc2 Qd6
15. Rfc1 c5 16. Nb1 Ne4 17. Nc3 Nxc3 18. Rxc3 dxc4 19. Rxc4 h6 20. Rd1 Qe7 21.
Ne1 cxd4 22. Rcxd4 Nf6 23. Nf3 Rfd8 24. Qd3 Rxd4 25. Nxd4 Qc5 26. Qb5 Rd8 27.
Rb1 Qxb5 28. Nxb5 Rd7 29. Rc1 a6 30. Nd4 Nd5 31. Rc8+ Kh7 32. Kf1 Kg6 33. Ke2
Kf6 34. g3 Rd6 35. f4 Rd7 36. Rc6 g6 37. Kf3 a5 38. a3 h5 39. h3 Kg7 40. g4 hxg4+
41. hxg4 Rc7 42. Rxc7 Nxc7 43. e4 f6 44. b4 axb4 45. axb4 Kf7 46. e5 f5 47. b5
Nd5 48. g5 Ke7 49. Ne2 Kf7 1/2-1/2

[Event "Druzynowe Mistrzostwa Polski Juniorow - II liga"]
[Site "Sypniewo k. Jastowia"]
[Date "2024-06-17"]
[Round "8.16"]
[White "Dunda, Szymon"]
[Black "Kurczewski, Borys"]
[Result "1-0"]
[WhiteTitle "II"]
[BlackTitle "II"]
[WhiteElo "1548"]
[BlackElo "1508"]

1. e4 c5 2. Nf3 e6 3. d4 cxd4 4. Nxd4 Nf6 5. Bd3 Nc6 6. Be3 d5 7. Nxc6 bxc6 8.
e5 Nd7 9. f4 Nc5 10. Be2 Ne4 11. O-O Be7 12. Nd2 Nxd2 13. Qxd2 O-O 14. Kh1 f6
15. exf6 Bxf6 16. Bd4 Bb7 17. c3 Qc7 18. Qe3 Rae8 19. Bxa7 e5 20. Bb6 Qb8 21.
f5 d4 22. cxd4 exd4 23. Bc4+ Kh8 24. Qd2 c5 25. Bxc5 Re3 26. Rae1 Rfe8 27. Be6
Bg5 28. Qxd4 Rd8 29. Qg4 Rd2 30. Bxe3 Rxg2 31. Qxg2 Bxg2+ 32. Kxg2 Bxe3 33. Rxe3
Qxb2+ 34. Rf2 Qb7+ 35. Ref3 h6 36. a4 Qe4 37. a5 Qg4+ 38. Kh1 Qa4 39. Ra2 Qc6
40. Kg2 g5 41. Kf2 Qd6 42. Kf1 Qc6 43. Rff2 Qh1+ 44. Ke2 Qe4+ 45. Kd1 Qd3+ 46.
Kc1 Qc3+ 47. Rfc2 Qe1+ 48. Kb2 Qb4+ 49. Bb3 Qd4+ 50. Rc3 Qd2+ 51. Bc2 Qd4 52.
a6 Qb6+ 53. Ka1 Qg1+ 54. Bb1 Qd4 55. Raa3 Qa7 56. f6 Kg8 57. Rcb3 Qd4+ 58. Rb2
Qa7 59. Bc2 Qg1+ 60. Ka2 Qa7 61. Rb7 Qc5 62. f7+ Kf8 63. Rb2 Qa7 64. Bd3 Qxf7+
65. Rab3 Qd5 66. Ka1 Qa5+ 67. Ra2 Qe1+ 68. Bb1 Qe5+ 69. Rbb2 Qd5 70. a7 Qa8 71.
Rb8+ Qxb8 72. axb8=Q+ Kg7 73. Qe5+ Kf7 74. Ra7+ 1-0

[Event "Druzynowe Mistrzostwa Polski Juniorow - II liga"]
[Site "Sypniewo k. Jastowia"]
[Date "2024-06-17"]
[Round "8.17"]
[White "Michalska, Anna-maria"]
[Black "Szczotka, Matylda"]
[Result "1-0"]
[WhiteTitle "I"]
[BlackTitle "I"]
[WhiteElo "1607"]
[BlackElo "1670"]

1. d4 Nf6 2. c4 e6 3. Nf3 b6 4. g3 Bb7 5. Bg2 Bb4+ 6. Nbd2 O-O 7. O-O Bxd2 8. Qxd2
Ne4 9. Qc2 d5 10. b3 Nc6 11. Ba3 Re8 12. e3 f6 13. Rfd1 a5 14. cxd5 exd5 15. Rdc1
Rc8 16. Bh3 Rb8 17. Bf5 Kh8 18. Nd2 Nxd2 19. Qxd2 g6 20. Bd3 Ne7 21. Bb5 Rg8 22.
Rc2 Rc8 23. Rac1 Nf5 24. Bc6 Ba6 25. b4 axb4 26. Bxb4 Ng7 27. Ba4 Bb7 28. a3 Ne6
29. Bc6 Ba6 30. a4 Ng5 31. Qd1 f5 32. a5 bxa5 33. Bxa5 Ne6 34. Rb2 Bc4 35. Bb4
Rb8 36. Rcb1 Rb6 37. Ba4 Qg5 38. Bd7 Ng7 39. Bc5 Rxb2 40. Rxb2 Nh5 41. Qb1 Qd8
42. Be6 Re8 43. Bf7 f4 44. Bxe8 fxg3 45. hxg3 Qg5 46. Qe1 Bd3 47. Bb5 Be4 48.
Bf1 Nf6 49. Bg2 Bf5 50. Be7 1-0

[Event "Druzynowe Mistrzostwa Polski Juniorow - II liga"]
[Site "Sypniewo k. Jastowia"]
[Date "2024-06-17"]
[Round "8.18"]
[White "Saliuk, Maryia"]
[Black "Bartkowiak, Aleksandra"]
[Result "1-0"]
[WhiteTitle "I"]
[BlackTitle "II+"]
[WhiteElo "1503"]
[BlackElo "1574"]

1. e4 c5 2. b4 cxb4 3. a3 d5 4. exd5 Qxd5 5. Nf3 e5 6. axb4 Bxb4 7. c3 Bd6 8. Na3
Nf6 9. Nb5 O-O 10. Nxd6 Qxd6 11. Ba3 Qc7 12. Bxf8 Kxf8 13. Be2 Nc6 14. O-O Bf5
15. Bb5 Ne7 16. h3 a6 17. Nh4 Be6 18. Qc2 Rc8 19. Bd3 Ned5 20. Nf3 Nf4 21. Rfe1
Rd8 22. Be4 h6 23. Qb2 Nxe4 24. Rxe4 Qc6 25. Qb4+ Kg8 26. Nxe5 Qd5 27. Rxf4 Qxe5
28. Re4 Qd5 29. Rd4 1-0

[Event "Druzynowe Mistrzostwa Polski Juniorow - II liga"]
[Site "Sypniewo k. Jastowia"]
[Date "2024-06-17"]
[Round "8.19"]
[White "Mazurek, Filip"]
[Black "Podgorski, Jakub"]
[Result "0-1"]
[WhiteTitle "I"]
[BlackTitle "II"]
[WhiteElo "1879"]
[BlackElo "1685"]

1. e4 c5 2. Nc3 e6 3. Nge2 Nc6 4. d4 cxd4 5. Nxd4 Nf6 6. a3 a6 7. Be3 d6 8. Be2
Be7 9. O-O O-O 10. Kh1 Nxd4 11. Qxd4 Bd7 12. f4 Bc6 13. Bf3 Qc7 14. Qd2 Rac8 15.
g4 d5 16. e5 Ne4 17. Bxe4 dxe4 18. Kg1 b5 19. Qf2 Qb7 20. f5 exf5 21. gxf5 f6
22. e6 Rfd8 23. Qh4 Be8 24. Rf2 Bc5 25. Bxc5 Rxc5 26. Nxe4 Rc4 27. Nxf6+ gxf6
28. Rf4 Qg7+ 29. Kf1 Rd2 30. Qg3 Rxf4+ 0-1

[Event "Druzynowe Mistrzostwa Polski Juniorow - II liga"]
[Site "Sypniewo k. Jastowia"]
[Date "2024-06-17"]
[Round "8.20"]
[White "Klisowski, Bartosz"]
[Black "Kryston, Aleksander"]
[Result "0-1"]
[WhiteTitle "I+"]
[BlackTitle "II+"]
[WhiteElo "1864"]
[BlackElo "1772"]

1. Nf3 Nf6 2. d4 g6 3. c4 Bg7 4. Nc3 O-O 5. e4 d6 6. Be2 e5 7. Be3 exd4 8. Nxd4
Re8 9. f3 c6 10. Bf2 Nbd7 11. O-O Nb6 12. Qc2 d5 13. exd5 cxd5 14. c5 Nbd7 15.
Ncb5 Ne5 16. Rfe1 Nc6 17. Nxc6 bxc6 18. Nd4 Qd7 19. Qa4 Bb7 20. b4 a6 21. Qc2
Nh5 22. g3 Re7 23. Bf1 Rae8 24. Rxe7 Rxe7 25. a4 Qe8 26. Rb1 Re3 27. Bxe3 Qxe3+
28. Qf2 Bxd4 29. Qxe3 Bxe3+ 30. Kg2 Nf6 31. Rb3 Bd4 32. Rd3 Bb2 33. Rb3 Bd4 34.
Rd3 Bb2 35. b5 axb5 36. axb5 Nd7 37. Rd2 Ba3 38. Rc2 Bxc5 39. bxc6 Bxc6 40. Ba6
Ba4 41. Ra2 Bb3 42. Ra5 Bb4 43. Ra1 Nc5 44. Bb5 d4 45. Rb1 Bc3 46. Kf1 Bc2 47.
Rc1 Bd3+ 48. Bxd3 Nxd3 49. Rd1 Nb2 50. Rc1 d3 51. Rxc3 d2 52. Rc8+ Kg7 53. Rd8
d1=Q+ 54. Rxd1 Nxd1 0-1

[Event "Druzynowe Mistrzostwa Polski Juniorow - II liga"]
[Site "Sypniewo k. Jastowia"]
[Date "2024-06-17"]
[Round "8.21"]
[White "Etut, Filbert"]
[Black "Kiszkiel, Oskar"]
[Result "1/2-1/2"]
[WhiteTitle "I"]
[BlackTitle "I"]
[WhiteElo "1815"]
[BlackElo "1741"]

1. e4 e6 2. Nf3 d5 3. e5 c5 4. b4 c4 5. c3 Ne7 6. d4 a5 7. bxa5 Nec6 8. Bf4 Be7
9. h4 Qxa5 10. Be2 b5 11. O-O Nd7 12. Bg5 Bf8 13. h5 h6 14. Be3 b4 15. cxb4 Bxb4
16. Ne1 Bxe1 17. Rxe1 O-O 18. Qc1 f5 19. g3 Nb4 20. a3 Nd3 21. Bxd3 cxd3 22. Nd2
Qd8 23. Qc6 Nb6 24. Rab1 Ra6 25. Qc3 Qe7 26. Rb3 Bd7 27. Qxd3 Rfa8 28. Ra1 Bc6
29. Rc3 Nc4 30. Nxc4 dxc4 31. Bf4 Bd5 1/2-1/2

[Event "Druzynowe Mistrzostwa Polski Juniorow - II liga"]
[Site "Sypniewo k. Jastowia"]
[Date "2024-06-17"]
[Round "8.22"]
[White "Janeczek, Maksymilian"]
[Black "Baranowski, Jan"]
[Result "0-1"]
[WhiteTitle "II"]
[BlackTitle "II"]
[WhiteElo "1570"]
[BlackElo "1577"]

1. e4 c5 2. Nf3 d6 3. d4 cxd4 4. Nxd4 Nf6 5. Nc3 a6 6. Be3 e5 7. Nb3 Be7 8. Be2
O-O 9. Qd2 Be6 10. f4 Nbd7 11. O-O-O b5 12. Bf3 Bxb3 13. cxb3 Qc7 14. Kb1 Rfb8
15. g4 b4 16. Nd5 Nxd5 17. Qxd5 a5 18. g5 Nb6 19. Bxb6 Qxb6 20. fxe5 dxe5 21.
Qxe5 Qe3 22. Qxe7 Qxf3 23. Rhf1 Qh5 24. Rd7 Rf8 25. Rfd1 Ra7 26. Kc1 Rc8+ 27.
Kb1 Qxd1+ 28. Rxd1 Rxe7 29. Re1 g6 30. a3 Rce8 31. Rd1 Rxe4 32. Rd5 R4e5 33. Rd4
bxa3 34. bxa3 Rxg5 35. Ra4 Re2 36. Rc4 Rg1+ 37. Rc1 Rxc1+ 38. Kxc1 Rxh2 39. b4
axb4 40. axb4 Rh4 41. b5 Rb4 0-1

[Event "Druzynowe Mistrzostwa Polski Juniorow - II liga"]
[Site "Sypniewo k. Jastowia"]
[Date "2024-06-17"]
[Round "8.23"]
[White "Zalewska, Malgorzata"]
[Black "Gajec, Roza"]
[Result "1-0"]
[WhiteTitle "I+"]
[BlackTitle "I"]
[WhiteElo "1722"]
[BlackElo "1771"]

1. e4 c5 2. Nf3 Nc6 3. b4 cxb4 4. d4 d5 5. exd5 Qxd5 6. c4 Qe4+ 7. Be3 Nf6 8. Bd3
Qg4 9. d5 Nd8 10. h3 Qd7 11. Ne5 Qc7 12. Bf4 Qa5 13. Nd2 e6 14. Nb3 Qb6 15. O-O
Bc5 16. Bg5 Nd7 17. Nxd7 Bxd7 18. Bxd8 Rxd8 19. Qh5 g6 20. Qe5 O-O 21. dxe6 Bd6
22. exf7+ Rxf7 23. Qg5 Bf4 24. c5 Qc7 25. Qh4 Be6 26. Rad1 Rd5 27. Be4 Bg5 28.
Bxd5 Bxh4 29. Bxe6 a5 30. Nxa5 Qxa5 31. Rd7 Qa6 32. Bxf7+ Kf8 33. Bd5 Be7 34.
Bxb7 Qa7 35. c6 Qb6 36. c7 Qxb7 37. Rd8+ 1-0

[Event "Druzynowe Mistrzostwa Polski Juniorow - II liga"]
[Site "Sypniewo k. Jastowia"]
[Date "2024-06-17"]
[Round "8.24"]
[White "Gruszecka, Alicja"]
[Black "Stolarz, Anna"]
[Result "1/2-1/2"]
[WhiteTitle "I"]
[BlackTitle "II"]
[WhiteElo "1719"]
[BlackElo "1528"]

1. Nf3 c6 2. e3 d5 3. b3 Bg4 4. Bb2 Nd7 5. d4 Ngf6 6. Nbd2 Ne4 7. Be2 Ndf6 8. Ne5
Bxe2 9. Qxe2 Nxd2 10. Qxd2 e6 11. O-O Bd6 12. Nf3 Qc7 13. c4 Ne4 14. Qe2 Qb8 15.
h3 O-O 16. Nd2 Nxd2 17. Qxd2 a5 18. a3 Re8 19. Bc3 a4 20. c5 Bc7 21. Rfb1 e5 22.
bxa4 exd4 23. exd4 Rxa4 24. Rb3 Qa8 25. Rab1 Rb8 26. Qb2 Ra7 27. a4 Kf8 28. g3
Rxa4 29. Rxb7 Rxb7 30. Qxb7 Qxb7 31. Rxb7 Bd8 32. Rb4 Rxb4 33. Bxb4 Bf6 34. Bc3
Ke7 35. f4 h5 36. g4 hxg4 37. hxg4 g6 38. Kf2 Bg7 39. Ke3 Ke6 40. Ba5 f6 1/2-1/2

[Event "Druzynowe Mistrzostwa Polski Juniorow - II liga"]
[Site "Sypniewo k. Jastowia"]
[Date "2024-06-17"]
[Round "8.25"]
[White "Klim, Filip"]
[Black "Semenowicz, Julian"]
[Result "1-0"]
[WhiteTitle "k"]
[BlackTitle "II"]
[WhiteElo "1914"]
[BlackElo "1632"]

1. e4 e6 2. d4 d5 3. Nd2 dxe4 4. Nxe4 Nd7 5. Nf3 Ngf6 6. Nxf6+ Nxf6 7. c3 Bd6 8.
Bd3 h6 9. O-O O-O 10. Re1 b6 11. Ne5 Bb7 12. Bf4 c5 13. Bc4 cxd4 14. Qxd4 Bc5
15. Qxd8 Rfxd8 16. Be3 Bxe3 17. Rxe3 Rd2 18. Bb3 Rad8 19. Nc4 R2d3 20. Rxd3 Rxd3
21. Bc2 Rd8 22. f3 Ba6 23. Ne3 Rd2 24. Rd1 Rxd1+ 25. Bxd1 Kf8 26. Kf2 Ke7 27.
Be2 Bxe2 28. Kxe2 Nd5 29. c4 Nxe3 30. Kxe3 Kd6 31. b4 f6 32. f4 g6 33. Kd4 h5
34. g3 Kc6 35. h3 h4 36. g4 Kd6 37. g5 e5+ 38. fxe5+ fxe5+ 39. Ke4 a6 40. c5+
bxc5 41. bxc5+ Ke6 42. c6 Kd6 43. c7 Kxc7 44. Kxe5 Kd7 45. Kf6 Kd6 46. Kxg6 Ke5
47. Kh5 Kf4 48. Kxh4 1-0

[Event "Druzynowe Mistrzostwa Polski Juniorow - II liga"]
[Site "Sypniewo k. Jastowia"]
[Date "2024-06-17"]
[Round "8.26"]
[White "Rygiel, Kacper"]
[Black "Urych, Krzysztof"]
[Result "0-1"]
[WhiteTitle "II"]
[BlackTitle "I"]
[WhiteElo "1563"]
[BlackElo "1782"]

1. c4 g6 2. Nc3 Bg7 3. g3 c5 4. Bg2 Nc6 5. e3 e6 6. Nge2 Nge7 7. O-O O-O 8. d4
cxd4 9. exd4 d5 10. cxd5 Nxd5 11. Nxd5 exd5 12. h3 Re8 13. Be3 Bf5 14. Qb3 Qd7
15. Qxd5 Qxd5 16. Bxd5 Bxh3 17. Rfd1 Bg4 18. Bxc6 bxc6 19. Rd2 Bxe2 20. Rxe2 Bxd4
21. Rc1 Re6 22. Kg2 Bxe3 23. Rxe3 Rxe3 24. fxe3 Rc8 25. b4 Kf8 26. b5 Ke7 27.
a4 Kd7 28. Rd1+ Kc7 29. Rc1 Kb7 30. Rd1 cxb5 31. axb5 Kb6 32. Rd5 Rc5 33. Rd7
Rxb5 34. Rxf7 a5 35. Rf8 a4 36. Rb8+ Kc5 37. Ra8 Kb4 38. e4 a3 39. Kf3 Ra5 40.
Rb8+ Kc3 41. Rd8 Kc2 42. Ke2 a2 43. Rd2+ 0-1

[Event "Druzynowe Mistrzostwa Polski Juniorow - II liga"]
[Site "Sypniewo k. Jastowia"]
[Date "2024-06-17"]
[Round "8.27"]
[White "Lesik, Sebastian"]
[Black "Owczarek, Marcin"]
[Result "1-0"]
[WhiteTitle "I"]
[BlackTitle "II"]
[WhiteElo "1845"]
[BlackElo "1690"]

1. d4 d5 2. c4 e6 3. Nc3 Nf6 4. Nf3 c5 5. cxd5 exd5 6. Bg5 Be7 7. dxc5 Be6 8. Rc1
Nc6 9. e3 Qa5 10. Nd4 O-O 11. Nb3 Qd8 12. Be2 a5 13. O-O h6 14. Bh4 a4 15. Nd4
a3 16. Nxc6 bxc6 17. b4 Qb8 18. Qd4 Rc8 19. Rfd1 Qb7 20. h3 Bf5 21. Bd3 Be6 22.
Be2 Kf8 23. Bg4 Nxg4 24. Bxe7+ Qxe7 25. hxg4 Rab8 26. Rb1 Ra8 27. Rb3 Qh4 28.
f3 h5 29. gxh5 Qxh5 30. Ne2 Qg6 31. Qd3 Bf5 32. Qc3 Bc2 33. Nf4 Qf5 34. e4 Qxf4
35. Qxc2 dxe4 36. Qxe4 Qf6 37. Rbd3 Rd8 38. Qh7 Rxd3 39. Qxd3 Kg8 40. Qe4 Rd8
41. Rxd8+ Qxd8 42. Qxc6 Qd2 43. Qc8+ Kh7 44. c6 Qxa2 45. Qf5+ Kg8 46. c7 Qa1+
1-0

[Event "Druzynowe Mistrzostwa Polski Juniorow - II liga"]
[Site "Sypniewo k. Jastowia"]
[Date "2024-06-17"]
[Round "8.28"]
[White "Slys, Jan"]
[Black "Mroczkowski, Adam"]
[Result "0-1"]
[WhiteTitle "II"]
[BlackTitle "I"]
[WhiteElo "1625"]
[BlackElo "1714"]

1. Nf3 d5 2. e3 c6 3. b3 Bg4 4. Bb2 Nd7 5. d4 Ngf6 6. Be2 e6 7. Nbd2 Be7 8. O-O
O-O 9. Ne5 Bxe2 10. Qxe2 Ne4 11. f4 f6 12. Nxd7 Qxd7 13. Rf3 f5 14. Rh3 Bf6 15.
Nf3 Rac8 16. Ne5 Bxe5 17. dxe5 c5 18. Rd1 Qc7 19. c4 dxc4 20. Qxc4 Qc6 21. Qe2
g6 22. Rf3 b5 23. Rff1 c4 24. Bd4 Rf7 25. Rc1 c3 26. Rc2 b4 27. a3 a5 28. axb4
axb4 29. Ra1 Ra8 30. Rxa8+ Qxa8 31. Ra2 Qd5 32. h3 Kg7 33. Qc2 Nd2 34. Ra4 Rb7
35. Bxc3 bxc3 36. Qxc3 Qxb3 37. Qc6 Qxe3+ 38. Kh2 Rb3 39. Qd7+ Kh6 40. Ra1 Qxf4+
41. Kh1 Ne4 42. Qf7 Rxh3+ 43. gxh3 Qf3+ 0-1

[Event "Druzynowe Mistrzostwa Polski Juniorow - II liga"]
[Site "Sypniewo k. Jastowia"]
[Date "2024-06-17"]
[Round "8.29"]
[White "Lysiuk, Valeryia"]
[Black "Kucia, Kinga"]
[Result "1/2-1/2"]
[WhiteTitle "II"]
[BlackTitle "I"]
[WhiteElo "1468"]
[BlackElo "1550"]

1. d4 d5 2. g3 Nf6 3. Nf3 e6 4. Bg2 c5 5. c4 Nc6 6. e3 Be7 7. Nc3 dxc4 8. Qa4 Bd7
9. Qxc4 Rc8 10. Ne5 cxd4 11. Nxc6 Bxc6 12. Bxc6+ Rxc6 13. Qxd4 Qxd4 14. exd4 O-O
15. O-O Rd8 16. Be3 a6 17. Rac1 Ne8 18. Rfd1 Rcd6 19. Ne4 Rd5 20. Nc3 R5d7 21.
a3 h6 22. h4 Kh7 23. Kg2 Bf6 24. Ne2 e5 25. Rc2 exd4 26. Rcd2 d3 27. Nf4 Rc8 28.
Nxd3 Rdc7 29. Nb4 Kg6 30. Bf4 Re7 31. Nd5 Re4 32. f3 Re6 33. Nxf6 Nxf6 34. g4
Rce8 35. h5+ Kh7 36. Kf2 1/2-1/2

[Event "Druzynowe Mistrzostwa Polski Juniorow - II liga"]
[Site "Sypniewo k. Jastowia"]
[Date "2024-06-17"]
[Round "8.30"]
[White "Uliasz, Lena"]
[Black "Jankiewicz, Lucja"]
[Result "1/2-1/2"]
[WhiteTitle "II+"]
[BlackTitle "II+"]
[WhiteElo "1599"]
[BlackElo "1451"]

1. e4 e5 2. Nf3 Nc6 3. Bc4 Bc5 4. d3 Nf6 5. Nc3 d6 6. h3 h6 7. Na4 Bb6 8. Nxb6
axb6 9. a3 O-O 10. O-O Ne7 11. Re1 Ng6 12. c3 Re8 13. Qc2 Be6 14. Bxe6 Rxe6 15.
d4 c6 16. dxe5 dxe5 17. Be3 Nh5 18. Rad1 Qc7 19. Rd2 Rd8 20. Red1 Rxd2 21. Qxd2
b5 22. Kh2 Kh7 23. g3 Nf6 24. Qc2 Rd6 25. Nd2 Rd7 26. Rf1 Qd6 27. Re1 Kg8 28.
Nb3 Rd8 29. Re2 Qc7 30. Nd2 Nf8 31. c4 bxc4 32. Nxc4 Qe7 33. Nd2 Ne6 34. Nb3 1/2-1/2

[Event "Druzynowe Mistrzostwa Polski Juniorow - II liga"]
[Site "Sypniewo k. Jastowia"]
[Date "2024-06-17"]
[Round "8.31"]
[White "Lechowski, Witold"]
[Black "Matela, Krzysztof"]
[Result "1-0"]
[WhiteTitle "I+"]
[BlackTitle "I"]
[WhiteElo "2014"]
[BlackElo "2024"]

1. d4 Nf6 2. c4 g6 3. h4 c5 4. d5 b5 5. cxb5 a6 6. e3 axb5 7. Bxb5 Ne4 8. Nd2 Nd6
9. Bd3 Bg7 10. Ngf3 Ba6 11. Bxa6 Nxa6 12. O-O O-O 13. e4 Nb4 14. a3 Nd3 15. Qc2
c4 16. Nxc4 Nxc4 17. Qxd3 Bxb2 18. Bxb2 Nxb2 19. Qd2 Na4 20. Qh6 f6 21. Qf4 Qb8
22. Qg4 Qd6 23. h5 f5 24. exf5 Rxf5 25. hxg6 Qxg6 26. Qxg6+ hxg6 27. Rfe1 Re8
28. Ne5 d6 29. Nxg6 Kf7 30. Nh4 Rxd5 31. Re4 Nc5 32. Rf4+ Ke6 33. Re1+ Re5 34.
Rxe5+ Kxe5 35. Ng6+ Kd5 36. g4 e5 37. Rf6 Ne4 38. Rf8 Rxf8 39. Nxf8 Ng5 40. Kf1
Kc4 41. Nd7 Kb3 42. Ke2 Kxa3 43. Nf6 Kb4 44. Kd3 Kb5 45. Ne4 Nf7 46. g5 Kc6 47.
g6 Nh6 48. Nf6 Nf5 49. Nh5 Nh6 50. g7 Ng8 51. Ke4 Kd7 52. Kf5 Ke7 53. Kg6 d5 54.
Ng3 d4 55. Ne4 Ke6 56. f3 Ke7 57. Kh7 1-0

[Event "Druzynowe Mistrzostwa Polski Juniorow - II liga"]
[Site "Sypniewo k. Jastowia"]
[Date "2024-06-17"]
[Round "8.32"]
[White "Misiek, Stanislaw"]
[Black "Czak, Dominik"]
[Result "1-0"]
[WhiteTitle "I"]
[BlackTitle "I"]
[WhiteElo "1805"]
[BlackElo "1739"]

1. e4 c6 2. Nc3 d5 3. Qe2 dxe4 4. Nxe4 Bf5 5. d3 e6 6. g4 Bg6 7. f4 Bxe4 8. dxe4
Qh4+ 9. Kd1 Nd7 10. c3 Bc5 11. Kc2 Ngf6 12. g5 Ng4 13. h3 Nf2 14. Rh2 Nxe4 15.
Nf3 Nxc3 16. Nxh4 Nxe2 17. Rxe2 O-O-O 18. Nf3 Rhe8 19. Bd2 f6 20. Rae1 Nf8 21.
Bc3 Ng6 22. gxf6 gxf6 23. Bxf6 Rd7 24. Ne5 Bb4 25. Nxd7 Bxe1 26. Ne5 Bg3 27. Nxg6
hxg6 28. Be5 Rf8 29. Rg2 Bxf4 30. Rf2 g5 31. h4 Rf5 32. Bxf4 gxf4 33. Bh3 Re5
34. Rxf4 Re2+ 35. Kc1 Re1+ 36. Kd2 Rh1 37. Bxe6+ Kc7 38. Ke3 Kd6 39. Bf7 Ke5 40.
Rb4 b5 41. h5 a5 42. Re4+ Kf6 43. Rf4+ Ke5 44. Rf2 Rh3+ 45. Kd2 Kd4 46. Bg6 c5
47. Kc2 c4 48. Rf4+ Ke3 49. Re4+ Kf3 50. a4 Rh2+ 51. Kb1 b4 52. Rxc4 Rh3 53. Rc5
Kg4 54. Bf5+ 1-0

[Event "Druzynowe Mistrzostwa Polski Juniorow - II liga"]
[Site "Sypniewo k. Jastowia"]
[Date "2024-06-17"]
[Round "8.33"]
[White "Pelczarski, Wojciech"]
[Black "Majcher, Igor"]
[Result "1/2-1/2"]
[WhiteTitle "II+"]
[BlackTitle "I"]
[WhiteElo "1663"]
[BlackElo "2003"]

1. b3 c5 2. Bb2 Nc6 3. Nf3 e6 4. e3 a6 5. d4 Nf6 6. Nbd2 d5 7. c4 dxc4 8. Bxc4
b5 9. Be2 cxd4 10. Nxd4 Nxd4 11. Bxd4 Bb7 12. O-O Be7 13. Bf3 Bxf3 14. Nxf3 O-O
15. Ne5 Rc8 16. Rc1 Qd5 17. Qe2 Bc5 18. Ba1 Bb6 19. Rcd1 Qe4 20. Rc1 h6 21. h3
Rfd8 22. a3 Nd5 23. Kh1 Bc5 24. b4 Bf8 25. Rfd1 Nf6 26. Nf3 Rxc1 27. Rxc1 Nd5
28. Qb2 Nb6 29. Qe2 Nc4 30. a4 Bxb4 31. axb5 axb5 32. Nd4 Bf8 33. Nxb5 Nd6 34.
Nxd6 Rxd6 35. Qb2 Rd8 36. Qc3 Qd5 37. Bb2 Qf5 38. Qc2 Qxc2 39. Rxc2 f6 40. g3
Kf7 41. Kg2 Bd6 42. Rd2 Be7 43. Rxd8 Bxd8 1/2-1/2

[Event "Druzynowe Mistrzostwa Polski Juniorow - II liga"]
[Site "Sypniewo k. Jastowia"]
[Date "2024-06-17"]
[Round "8.34"]
[White "Radziszewski, Leon"]
[Black "Sonibare, Antoni"]
[Result "0-1"]
[WhiteTitle "II"]
[BlackTitle "II"]
[WhiteElo "1401"]
[BlackElo "1539"]

1. e4 c5 2. Nf3 e6 3. d4 cxd4 4. Nxd4 Nf6 5. Nc3 Nc6 6. Nxc6 bxc6 7. e5 Nd5 8.
Ne4 Qc7 9. f4 Be7 10. Bd3 f6 11. Qh5+ Kf8 12. O-O f5 13. Ng5 Bxg5 14. Qxg5 Ne7
15. Be3 c5 16. Rf3 h6 17. Qh5 d6 18. exd6 Qxd6 19. Rg3 Bb7 20. Rd1 g6 21. Qe2
Rd8 22. Qd2 Kf7 23. Qc3 Nd5 24. Qxc5 Qxc5 25. Bxc5 Nxf4 26. Bxa7 Ra8 27. Be3 Nxd3
28. Rxd3 Bd5 29. a3 g5 30. Bd4 Rhe8 31. Rge3 Be4 32. Rc3 e5 33. Rc7+ Ke6 34. Bc3
Kd5 35. Rd7+ Kc6 36. Rh7 Re6 37. Kf2 Ra4 38. Rf7 f4 39. Re2 Bg6 40. Rf8 e4 41.
Bb4 e3+ 42. Kf1 Kd5 43. Rd8+ Ke4 44. b3 Ra7 45. Bc5 Rf7 46. Rd4+ Kf5 47. b4 g4
48. Rd5+ Re5 49. Rxe5+ Kxe5 50. c4 Bd3 0-1